000
00260nam a2200109Ia 4500
008
220204s9999 xx 000 0 und d
082
_a
177.3
_b
PIL
100
_a
PILLAI, C S
245
0
_a
Truth, infinity, love
260
_a
Madras
_b
Vedanta Society
942
_c
BK
999
_c
38272
_d
38272